Expanding curriculum theory: Dis/ positions and lines of flight (Record no. 1398463)
[ view plain ]
| 000 -LEADER | |
|---|---|
| fixed length control field | 00677nam a2200217Ia 4500 |
| 005 - DATE AND TIME OF LATEST TRANSACTION | |
| control field | 20250508165953.0 |
| 008 - FIXED-LENGTH DATA ELEMENTS--GENERAL INFORMATION | |
| fixed length control field | 008 250505s9999 xx 000 0 eng d |
| 037 ## - SOURCE OF ACQUISITION | |
| Stock number | TextBook |
| 040 ## - CATALOGING SOURCE | |
| Original cataloging agency | FEDL |
| Language of cataloging | eng |
| Transcribing agency | FEDL |
| 041 ## - LANGUAGE CODE | |
| Language code of text/sound track or separate title | eng |
| Source of code | eng |
| 084 ## - COLON CLASSIFICATION NUMBER | |
| Classification number | 375.001, REY/R |
| Assigning agency | FEDL |
| 100 ## - MAIN ENTRY--PERSONAL NAME | |
| Personal name | Reynolds William M Ed. |
| 9 (RLIN) | 782556 |
| 245 #0 - TITLE STATEMENT | |
| Title | Expanding curriculum theory: Dis/ positions and lines of flight |
| 260 ## - PUBLICATION, DISTRIBUTION, ETC. | |
| Place of publication, distribution, etc. | New Jeresy, USA |
| Name of publisher, distributor, etc. | Lawrence Erlbaum Associates |
| Date of publication, distribution, etc. | 2004 |
| 300 ## - PHYSICAL DESCRIPTION | |
| Extent | xi, 220p. |
| 365 ## - TRADE PRICE | |
| Price type code | INR |
| Price amount | 526 |
| 490 ## - SERIES STATEMENT | |
| Series statement | Studies in Curriculum Theory |
| 700 ## - ADDED ENTRY--PERSONAL NAME | |
| Personal name | Webber Julie A Ed. |
| 9 (RLIN) | 782557 |
| 942 ## - ADDED ENTRY ELEMENTS (KOHA) | |
| Koha item type | Textbook |
| Classification part | 375.001, REY/R |
| Withdrawn status | Lost status | Damaged status | Not for loan | Home library | Current library | Date acquired | Cost, normal purchase price | Total Checkouts | Full call number | Barcode | Date last seen | Price effective from | Koha item type |
|---|---|---|---|---|---|---|---|---|---|---|---|---|---|
| Department of Education Library | Department of Education Library | 2025-05-08 | 526.00 | 375.001, REY/R | EL0092124 | 2025-05-08 | 2025-05-08 | Textbook |
